Statystyki dla Top 15 Najludniejszych Państw Świata

Kliknij tutaj aby rozwiązać quiz!

Ogólne statystyki

  • Ten quiz został rozwiązany 340 razy
  • Średni wynik to 10 z 15

Statystyki odpowiedzi

LudnośćOdpowiedź% Poprawnych
1 384 688 986Chiny
100%
329 256 465Stany Zjednoczone
98%
1 296 834 042Indie
93%
142 122 776Rosja
92%
208 846 892Brazylia
88%
126 168 156Japonia
80%
125 959 205Meksyk
78%
262 787 403Indonezja
68%
203 452 505Nigeria
63%
99 413 317Egipt
56%
207 862 518Pakistan
51%
159 453 001Bangladesz
43%
108 386 391Etiopia
33%
105 893 381Filipiny
32%
97 040 334Wietnam
31%

Rozkład punktacji

Percentyl według liczby udzielonych odpowiedzi

Procent ludzi z każdym wynikiem

Twoja historia wyników

Nie rozwiązałeś tego quizu